000 00540nam a2200181Ia 4500
008 151202s9999||||xx |||||||||||||| ||und||
082 _bPNVM-74413
100 _aवर्दे दीपा.
245 _aवाचतोयस ना.
260 _bनिब प्रकाशन ठाणे.
260 _c74413
300 _a160
600 _aवर्दे दीपा.
630 _aवाचतोयस ना.
700 _aवर्दे दीपा.
730 _aवाचतोयस ना.
942 _cBOOK
999 _c1341074
_d1341071